| 000 | 01033nam a2200253 a 4500 | ||
|---|---|---|---|
| 001 | 000294597 | ||
| 003 | AM-YeHGA | ||
| 005 | 20250617125951.0 | ||
| 008 | 030828s1991 ||| r 000 0 rus d | ||
| 020 | _a5742403267 | ||
| 040 | _aAM-YeHGA | ||
| 041 | 0 | _arus | |
| 100 | 1 | _aВолконский, Сергей Григорьевич | |
| 245 | 1 | 0 |
_aЗаписки / _cС.Г. Волконский; Отв. ред.: Н.Я. Эйдельман. |
| 260 |
_aИркутск : _bВост.-Сиб. кн. изд-во, _c1991. |
||
| 300 |
_a511 с. _b[1] л. портр. |
||
| 490 | 1 | _aПолярная звезда / Гл. ред.: И.Д. Ковальченко | |
| 504 | _aБиблиогр. в примеч.: с. 492 | ||
| 650 | 1 | 4 |
_aДекабристы _vВоспоминания и записки |
| 650 | 1 | 4 |
_aИсторическая литература _vМемуары _zРоссия |
| 700 | 1 |
_aЭйдельман, Натан Яковлевич _eред. _4edt |
|
| 830 | 0 | _aПолярная звезда | |
| 090 | _c109364 | ||
| 999 |
_c108036 _d108036 |
||